Relations Between East and West in the Middle Ages : (Record no. 608628)

MARC details
000 -LEADER
fixed length control field 00520nam a2200193 a 4500
008 - FIXED-LENGTH DATA ELEMENTS--GENERAL INFORMATION
fixed length control field 260120s2009##################000#0#eng##
020 ## - INTERNATIONAL STANDARD BOOK NUMBER
ISBN 9780202363325
082 04 - DEWEY DECIMAL CLASSIFICATION NUMBER
Classification number 303.4824
Item number BAK
100 1# - MAIN ENTRY--AUTHOR NAME
Personal name Baker, Derek,
245 10 - TITLE STATEMENT
Title Relations Between East and West in the Middle Ages :
260 ## - PUBLICATION, DISTRIBUTION, ETC. (IMPRINT)
Name of publisher Aldine De Gruyter,
Year of publication 2009.
300 ## - PHYSICAL DESCRIPTION
Number of Pages 156 pages
650 #0 - SUBJECT ADDED ENTRY--TOPICAL TERM
Topical Term History.
942 ## - ADDED ENTRY ELEMENTS (KOHA)
Koha item type English Books
Holdings
Withdrawn status Lost status Damaged status Not for loan Home library Current library Shelving location Date acquired Full call number Accession Number Price effective from Koha item type
        Anna Centenary Library Anna Centenary Library 3RD FLOOR, B WING 20.01.2026 303.4824 BAK 298911 20.01.2026 English Books

Find us on the map